000 01056nam a22003017a 4500
001 BR7600852
003 BR-BrBNA
005 20230928084915.0
007 ta
008 230509b bl.||||| |||| 00| 0 por d
040 _aBR-BrBNA
_bpor
_cBiblioteca Nacional de Agricultura
041 _a(Por)
072 _aH10
_b3240
_b4020
_b/G514
090 _ 3240 BR7600852
100 1 _aMacedo, N.
110 1 _aEscola Superior de Agricultura Luiz de Queiroz, Piracicaba, SP (Brasil)
_0Dissertacao (Mestre)
245 1 _aEstudo das principais pragas das ordens Lepidoptera e Coleoptera dos eucaliptais do estado de Sao Paulo [Brasil]
260 3 _aPiracicaba, SP (Brasil):
_c1975.
300 _a87 p.
500 _aBibliography p. 75-84 (70 ref.); Summaries (Eng, Por). (*) Documento disponível na(o) Escola Superior de Agricultura Luiz de Queiroz, Piracibaca, SP (Brazil)
650 _aInseto
650 _aColeoptero
650 _aLepidoptero
650 _aEucalipto
650 _aSao Paulo
909 _a202309
_bLucia
_c55
_dLucia Elande
942 _cBK
999 _c21803
_d21803